000 00798nam a22002177a 4500
999 _c7395
_d7395
003 AR-CdUCM
008 190320b ||||| |||| 00| 0 spa d
020 _a0-07-054233-3
040 _aMUNICIPALIDAD PROVINCIAL DEL CUSCO
_cBIBLIOTECA MUNICIPAL DEL CUSCO
082 _a512 /
_bR91
100 _aRudin, Walter
_920849
245 _aAnálisis real y complejo /
260 _aMadrid :
_bAlhambra,
_c1979.
300 _a397 paginas ;
_c24 cm.
505 _aContenido :Integración abstracta -- Medidas de Borel positiva -- Espacios -- Teoría elemental del espacio de Hilbert -- Ejemplos de técnicos de espacios de Banach ...
650 _aAnálisis matemático
_920053
650 _aMatemática pura
_920304
700 _aCasal Piga, A. (traductor)
_920850
942 _2ddc
_cLIBROS
945 _arum